000 00577nam a22001817a 4500
999 _c191224
_d191224
005 20220823123700.0
010 _aENG-134555
020 _a9789391317669
_c300.00
035 _aEN-118087
037 _bDBAD/PUB
082 _aN
100 _aPimenta, Dwayne
245 _aOperation Pakistan:
_bTerror Strike/
_cDwayne Pimenta
260 _aNoida
_bBook Street Publications
_c2022
270 _aJitendra Anand Infratech Pvt Ltd 2203, Express Trade Towers-2, sector-132
_bNoida
_e201304
_mjaipl3e@ gmail.com
300 _a254p.
_bEpilogue
_c24cm(pbk)
942 _2ddc
_cEN
_hN
_mPIM